00638nam a2200229Ia 4500008004100000020001800041050001400059050001800073100002300091245002500114245004900139245004700188260001200235260002000247260000900267300001600276300002000292300001100312500005100323650001800374650001600392160303s9999 xx 000 0 und d a971-11-1043-1 aFIL HM 51 b.P36 2000 c.1 aPanopio, Isabel S. aSociety and culture: bintroduction to sociology and anthropology / cIsabel S. Panopio, Realidad Santico Rolda. aManila: bJMC Press Inc., c2000 a418 pages : billustrations ; c25 cm. aIncludes bibliographical references and index. aAnthropology. aSociology.